000 00297nam a22001457a 4500
008 230529b ||||| |||| 00| 0 eng d
020 _a9782264042446
041 _aFRA
080 _a82
082 _a82SHA
100 _a38
101 _aGJL
245 _aWILT 2
_cSHARPE TOM
942 _2udc
_cBK
999 _c59853
_d59853